000 00631nam a2200217 i 4500
001 C2-0317615
003 PPAK
005 20180728113747.0
008 120924s1988 my a|||| ||||| | eng d
040 _aPPAK
_beng
_cPPAK
_erda
082 0 4 _a915.9504
_223
090 0 0 _a915.9504
_bFAS
_dKSS
245 0 0 _aFascinating Malaysia
264 1 _aKuala Lumpur :
_bSyarikat S. Abdul Majeed ,
_c1988
300 _a155 pages :
_bcolour illustrations ;
_c28 cm
336 _2rdacontent
_atext
337 _2rdamedia
_aunmediated
338 _2rdacarrier
_avolume
650 1 0 _aMalaysia Description and travel guidebooks
942 _ddc
_cB
999 _c118670
_d118670